• 首页
  • 本馆介绍
  • 公告通知
  • 最新文献
  • 馆藏检索
  • 电子资源
  • 读者导购
  • 参考咨询
  • 我的图书馆
  • 登录
  • 详细信息显示
  • 放入我的书架
  • 预约/预借图书
  • 作者相关作品
  • 分类相关作品
  • 丛书相关作品
  • 出版社相关作品

书目信息

  • 表格格式
  • 工作单格式
  • 卡片格式
题名:
聚氯乙烯生产工艺
    
 
作者: 先员华 , 陈刚 主编
分册:  
出版信息: 北京   化学工业出版社  2013.01
页数: 179页
开本: 26cm
丛书名:
单 册:
中图分类: TQ325.3
科图分类:
主题词: 聚氯乙烯--生产工艺--高等职业教育--教材 , 聚氯乙烯
电子资源:
ISBN: 978-7-122-16130-7
000 00927nam0 2200277 450
001 005837304
005 20140610085956.50
010    @a978-7-122-16130-7@dCNY25.00
100    @a20130313d2013 em y0chiy50 ea
101 0  @achi
102    @aCN@b110000
105    @aak z 000yy
106    @ar
200 1  @a聚氯乙烯生产工艺@9ju lu^ yi xi sheng chan gong yi@f先员华,陈刚主编
210    @a北京@c化学工业出版社@d2013.01
215    @a179页@c图@d26cm
300    @a高职高专“十二五”规划教材
330    @a本书介绍了聚氯乙烯生产工艺的相关知识,具体内容包括聚氯乙烯概述、乙炔生产、氯化氢生产、氯乙烯合成、氯乙烯聚合、聚氯乙烯生产过程中安全与环境保护。
333    @a高职
606 0  @a聚氯乙烯@x生产工艺@x高等职业教育@j教材
606 0  @a聚氯乙烯
690    @aTQ325.3@v5
701  0 @a先员华@9xian yuan hua@4主编
701  0 @a陈刚@9chen gang@4主编
801  0 @aCN@b人天书店@c20130313
905    @b846929-32@dTQ325.3@e63@f4
    
    聚氯乙烯生产工艺/先员华,陈刚主编.-北京:化学工业出版社,2013.01
    179页:图;26cm
    高职高专“十二五”规划教材.-使用对象:高职
    
    ISBN 978-7-122-16130-7:CNY25.00
    本书介绍了聚氯乙烯生产工艺的相关知识,具体内容包括聚氯乙烯概述、乙炔生产、氯化氢生产、氯乙烯合成、氯乙烯聚合、聚氯乙烯生产过程中安全与环境保护。
●
相关链接 在E读中查询图书 在五车中查询图书 在当当中查询图书 在豆瓣中查询图书


正题名:聚氯乙烯生产工艺     索取号:TQ325.3/63         预约/预借

序号 登录号 条形码 馆藏地/架位号 状态 备注
1 846929   208469290   第二样本阅览室/ [索取号:TQ325.3/63] 在馆    
2 846930   208469307   第三借阅区/ [索取号:TQ325.3/63] 在馆    
3 846931   208469316   第三借阅区/ [索取号:TQ325.3/63] 在馆    
4 846932   208469325   密集书库-化学系/ [索取号:TQ325.3/63] 在馆    
唐山师范学院图书馆 欢迎您!
大连网信软件有限公司© 版权所有